[Event "Pardubice Czech op-B 30th"]
[Site "Pardubice"]
[Date "2019.07.26"]
[Round "8"]
[White "Smirnov, Boris"]
[Black "Slonimskij, Arkadij"]
[Result "1-0"]
[WhiteElo "2198"]
[BlackElo "2120"]
[PlyCount "83"]
[EventDate "2019.07.19"]
[EventType "swiss"]
[EventRounds "9"]
[EventCountry "CZE"]
[SourceTitle "EXT 2020"]
[Source "ChessBase"]
[SourceDate "2019.10.17"]
[SourceVersion "1"]
[SourceVersionDate "2019.10.17"]
[SourceQuality "1"]

1. c4 e5 2. g3 Nf6 3. Bg2 d5 4. cxd5 Nxd5 5. Nf3 Nc6 6. 0-0 Be7 7. Nc3 Nb6 8. a3 0-0 9. b4 Be6 10. d3 Nd4 11. Nd2 c6 12. Bb2 Bg4 13. h3 Bh5 14. g4 Bg6 15. Nce4 f5 16. gxf5 Bh5 17. Ng3 Bf7 18. e3 Nb5 19. Bxe5 Qxd3 20. Qg4 g6 21. Be4 Qd7 22. fxg6 Bxg6 23. Bxg6 Qxg4 24. Bxh7+ Kxh7 25. hxg4 Rg8 26. f3 a5 27. Nf5 Bf8 28. a4 Bxb4 29. axb5 Bxd2 30. bxc6 bxc6 31. Kf2 Bb4 32. Rh1+ Kg6 33. Rh6+ Kf7 34. Rxc6 Rg6 35. Nh6+ Rxh6 36. Rxh6 Nc4 37. Bd4 a4 38. Rc6 Na3 39. Rh1 Bf8 40. Rh7+ Ke8 41. Re6+ Kd8 42. Bf6+ 1-0

[Event "Pardubice Czech op-B 30th"]
[Site "Pardubice"]
[Date "2019.07.24"]
[Round "6"]
[White "Popov, Anton Yur"]
[Black "Smirnov, Boris"]
[Result "1-0"]
[WhiteElo "2100"]
[BlackElo "2198"]
[PlyCount "91"]
[EventDate "2019.07.19"]
[EventType "swiss"]
[EventRounds "9"]
[EventCountry "CZE"]
[SourceTitle "EXT 2020"]
[Source "ChessBase"]
[SourceDate "2019.10.17"]
[SourceVersion "1"]
[SourceVersionDate "2019.10.17"]
[SourceQuality "1"]

1. e4 c5 2. Nf3 e6 3. Nc3 a6 4. g3 Nc6 5. Bg2 Nf6 6. 0-0 d5 7. exd5 exd5 8. d4 c4 9. Ne5 Be7 10. Re1 0-0 11. Bf4 Be6 12. Nxc4 dxc4 13. d5 Bg4 14. dxc6 Bxd1 15. Raxd1 bxc6 16. Rxd8 Bxd8 17. Bxc6 Ba5 18. Bxa8 Rxa8 19. Re3 h6 20. Kg2 Rd8 21. Kf3 Rd7 22. Ne4 Nd5 23. Ra3 Bb4 24. Rxa6 f5 25. Nc3 Nxc3 26. bxc3 Bxc3 27. Rc6 Ra7 28. Rxc4 Ra3 29. Be3 Bb2 30. Rc7 Rxa2 31. Ra7 Rxa7 32. Bxa7 Kf7 33. Ke3 Ke6 34. Bd4 Bc1+ 35. Kd3 g5 36. Kc4 Ba3 37. h3 Be7 38. g4 fxg4 39. hxg4 Bf8 40. Kd3 Ba3 41. Ke4 Bb4 42. c4 Bd6 43. c5 Bf8 44. f3 Ke7 45. c6 Kd6 46. Bc5+ 1-0

[Event "Cheliabinsk Satka"]
[Site "Cheliabinsk"]
[Date "2017.12.11"]
[Round "3"]
[White "Remizov, Yaroslav"]
[Black "Smirnov, Boris"]
[Result "1-0"]
[WhiteElo "2288"]
[BlackElo "2253"]
[PlyCount "79"]
[EventDate "2017.12.09"]
[EventType "tourn"]
[EventRounds "9"]
[EventCountry "RUS"]
[EventCategory "4"]
[SourceTitle "CBM 182 Extra"]
[Source "ChessBase"]
[SourceDate "2018.02.23"]
[SourceVersion "1"]
[SourceVersionDate "2018.02.23"]
[SourceQuality "1"]

1. e4 c5 2. Nf3 e6 3. d4 cxd4 4. Nxd4 a6 5. Nc3 Qc7 6. Be2 b5 7. f4 Nc6 8. Nxc6 dxc6 9. e5 Bb7 10. Bf3 Ne7 11. Be3 Nd5 12. Bxd5 exd5 13. a4 b4 14. Ne2 c5 15. c3 bxc3 16. bxc3 Qc6 17. Rb1 Rd8 18. Qb3 Rd7 19. Qb6 Qc8 20. 0-0 Be7 21. f5 Ba8 22. f6 gxf6 23. exf6 Bd6 24. Bf4 Bxf4 25. Nxf4 0-0 26. Qb2 Kh8 27. Rf3 d4 28. Rh3 Qc6 29. Re1 Qxf6 30. Qc2 d3 31. Nxd3 Qf5 32. Re5 Qg6 33. Rg3 Qf6 34. Qe2 Rb7 35. h3 c4 36. Nc5 Qf4 37. Reg5 Ra7 38. Qh5 f6 39. Rg8+ Rxg8 40. Rxg8+ 1-0

[Event "Pardubice Czech op-B 28th"]
[Site "Pardubice"]
[Date "2017.07.29"]
[Round "9"]
[White "Smirnov, Boris"]
[Black "Bukhteeva, Viktoria"]
[Result "1-0"]
[WhiteElo "2203"]
[BlackElo "2220"]
[PlyCount "113"]
[EventDate "2017.07.21"]
[EventType "swiss"]
[EventRounds "9"]
[EventCountry "CZE"]
[SourceTitle "CBM 179 Extra"]
[Source "ChessBase"]
[SourceDate "2017.08.23"]
[SourceVersion "1"]
[SourceVersionDate "2017.08.23"]
[SourceQuality "1"]

1. c4 Nf6 2. Nf3 g6 3. g3 Bg7 4. Bg2 0-0 5. 0-0 d5 6. cxd5 Nxd5 7. Nc3 Nc6 8. d4 Nb6 9. e3 Re8 10. a3 e5 11. dxe5 Qxd1 12. Rxd1 Nxe5 13. Nxe5 Bxe5 14. e4 Be6 15. f4 Bxc3 16. bxc3 Na4 17. Bd2 Rad8 18. Be1 b6 19. Rd4 Bb3 20. e5 c5 21. Re4 Bc2 22. Re3 c4 23. Bc6 Re7 24. g4 Rc7 25. Bxa4 Bxa4 26. f5 gxf5 27. gxf5 Bc2 28. e6 Re8 29. Bh4 Bxf5 30. e7 Rc6 31. Rg3+ Rg6 32. Rf1 Bd3 33. Rf4 Rxg3+ 34. hxg3 f6 35. Bxf6 Kf7 36. Bh4+ Ke6 37. Rd4 b5 38. Kf2 Bg6 39. Ke3 Rg8 40. Rd8 Be8 41. Ra8 Kf7 42. Kd4 Rg6 43. Rxa7 Rc6 44. Kd5 Re6 45. Kc5 Re5+ 46. Kb4 Re1 47. Ra6 Re6 48. Ra8 Re5 49. Rb8 Re1 50. Rb6 Rb1+ 51. Kc5 Rb3 52. Kd4 Bd7 53. Rh6 Kg7 54. Rf6 Rb1 55. Rf8 Re1 56. Kc5 Re3 57. Rd8 1-0

[Event "Cheliabinsk IM"]
[Site "Cheliabinsk"]
[Date "2016.12.15"]
[Round "8"]
[White "Remizov, Yaroslav"]
[Black "Smirnov, Boris"]
[Result "1/2-1/2"]
[WhiteElo "2182"]
[BlackElo "2187"]
[PlyCount "118"]
[EventDate "2016.12.09"]
[EventType "tourn"]
[EventRounds "9"]
[EventCountry "RUS"]
[EventCategory "3"]
[SourceTitle "CBM 176 Extra"]
[Source "ChessBase"]
[SourceDate "2017.03.02"]
[SourceVersion "1"]
[SourceVersionDate "2017.03.02"]
[SourceQuality "1"]

1. e4 c5 2. Nf3 d6 3. d4 cxd4 4. Nxd4 Nf6 5. Nc3 g6 6. Be3 Bg7 7. f3 0-0 8. Qd2 Nc6 9. g4 e5 10. Nde2 Be6 11. 0-0-0 Na5 12. Ng3 Nc4 13. Bxc4 Bxc4 14. h4 Qa5 15. a3 Rfd8 16. h5 d5 17. hxg6 fxg6 18. g5 d4 19. Nb1 Qxd2+ 20. Nxd2 Be6 21. Bf2 Nd7 22. Rh2 b5 23. Ne2 Rac8 24. Kb1 Rc7 25. c3 Nc5 26. cxd4 exd4 27. Rdh1 Nd3 28. Bg3 Rc6 29. Nf4 Nxf4 30. Bxf4 Rdc8 31. Rxh7 d3 32. e5 Bf5 33. Ne4 Bxe4 34. fxe4 Rf8 35. R7h4 Rc2 36. Rd1 Re2 37. Rxd3 Rxe4 38. Bg3 Re2 39. Rb4 a6 40. Rd6 Rf3 41. Rf4 Rxb2+ 42. Kxb2 Bxe5+ 43. Kc2 Bxf4 44. Bxf4 Rxf4 45. Rxg6+ Kf7 46. Rxa6 Rg4 47. Rf6+ Ke7 48. Rf5 b4 49. a4 Rg3 50. a5 Ke6 51. Rb5 Ra3 52. g6 Kf6 53. Rb6+ Kg7 54. a6 Kh6 55. Kb2 Kg7 56. Rb7+ Kxg6 57. Ra7 Kh6 58. Ra8 Kg7 59. a7 Kh7 1/2-1/2

[Event "Barcelona Sant Marti op-A 16th"]
[Site "Barcelona"]
[Date "2014.07.18"]
[Round "6"]
[White "Dukaczewski, Piotr"]
[Black "Smirnov, Boris"]
[Result "0-1"]
[WhiteElo "2303"]
[BlackElo "2145"]
[PlyCount "60"]
[EventDate "2014.07.13"]
[EventType "swiss"]
[EventRounds "9"]
[EventCountry "ESP"]
[SourceTitle "CBM 161 Extra"]
[Source "ChessBase"]
[SourceDate "2014.08.29"]
[SourceVersion "1"]
[SourceVersionDate "2014.08.29"]
[SourceQuality "1"]

1. e4 c5 2. Nf3 d6 3. d4 cxd4 4. Nxd4 Nf6 5. Nc3 a6 6. Bc4 g6 7. Bb3 Bg7 8. f3 b5 9. Be3 Bb7 10. g4 Nc6 11. g5 Nd7 12. a4 bxa4 13. Bxa4 Nce5 14. Qe2 Rc8 15. Nd5 0-0 16. c3 e6 17. Nf4 Nc5 18. Bc2 Ned7 19. Nh3 a5 20. b4 axb4 21. cxb4 Na6 22. Rb1 Ne5 23. 0-0 Nc4 24. Bf2 Na3 25. b5 Nxb1 26. bxa6 Nc3 27. Qd3 Ba8 28. Ra1 e5 29. Nb3 Qc7 30. Re1 Na2 0-1

[Event "Barcelona Sant Marti op-A 16th"]
[Site "Barcelona"]
[Date "2014.07.16"]
[Round "4"]
[White "Smirnov, Boris"]
[Black "Aloma Vidal, Roberto"]
[Result "1/2-1/2"]
[WhiteElo "2145"]
[BlackElo "2406"]
[PlyCount "136"]
[EventDate "2014.07.13"]
[EventType "swiss"]
[EventRounds "9"]
[EventCountry "ESP"]
[SourceTitle "CBM 161 Extra"]
[Source "ChessBase"]
[SourceDate "2014.08.29"]
[SourceVersion "1"]
[SourceVersionDate "2014.08.29"]
[SourceQuality "1"]

1. c4 e5 2. g3 Nc6 3. Bg2 Bc5 4. Nc3 d6 5. Nf3 a6 6. 0-0 Nf6 7. a3 0-0 8. b4 Ba7 9. h3 h6 10. d3 Nd4 11. Kh2 c6 12. e3 Nxf3+ 13. Qxf3 Be6 14. Bb2 Qd7 15. Qe2 Rae8 16. Qc2 Nh7 17. Ne2 Ng5 18. Ng1 f5 19. f4 exf4 20. exf4 Nh7 21. Nf3 Bf7 22. Rae1 Bh5 23. Qc3 Nf6 24. Rxe8 Rxe8 25. Re1 Kf7 26. Rxe8 Qxe8 27. Qe1 Qxe1 28. Nxe1 Bd1 29. Bf3 Bb3 30. Be2 Be3 31. Nf3 c5 32. bxc5 dxc5 33. Ne5+ Ke6 34. Bf3 b5 35. Bb7 b4 36. axb4 cxb4 37. Bxa6 Kd6 38. Nf3 Bc2 39. Nh4 Ke6 40. Bc8+ Kf7 41. Nxf5 Bd2 42. Be6+ Kf8 43. c5 Bc3 44. c6 Ne8 45. Bc1 Nc7 46. Bc4 Ba4 47. Be3 b3 48. Bc5+ Ke8 49. Nd6+ Kd8 50. Ne4 Ba1 51. Nd2 b2 52. Ba2 Bxc6 53. Nb1 Bb5 54. Bf8 g6 55. Bxh6 Bxd3 56. Bf8 Nd5 57. Bxd5 Bxb1 58. Bg7 Bf5 59. Ba2 b1Q 60. Bxb1 Bxg7 61. Bxf5 gxf5 62. g4 Ke7 63. gxf5 Kf6 64. Kg3 Kxf5 65. Kf3 Bh6 66. h4 Bxf4 67. h5 Kg5 68. h6 Kxh6 1/2-1/2